Państwa składające się z 6 liter - Statystyki

Ogólne statystyki
  • Ten quiz został rozwiązany 725 razy
    692 od ostatniego zresetowania
  • Średni wynik to 21 z 33
Statystyki odpowiedzi
Kontynent Odp % Poprawnych
Europa Polska
95%
Europa Niemcy
83%
Europa Czechy
81%
Europa Belgia
80%
Azja, Europa Turcja
78%
Europa Grecja
76%
Ameryka Północna Kanada
75%
Ameryka Północna Meksyk
75%
Europa Włochy
75%
Europa Andora
74%
Europa Serbia
70%
Europa Kosowo
69%
Europa Monako
68%
Azja Gruzja
67%
Afryka Maroko
65%
Afryka Zambia
63%
Azja Izrael
62%
Afryka Angola
61%
Ameryka Północna Belize
60%
Azja Bhutan
60%
Ameryka Południowa Gujana
60%
Ameryka Północna Panama
58%
Ameryka Północna Bahamy
57%
Azja Kuwejt
56%
Afryka Gwinea
55%
Oceania Tuvalu
55%
Afryka Gambia
54%
Afryka Uganda
54%
Afryka Rwanda
53%
Azja Brunei
50%
Afryka Komory
48%
Azja Mjanma
47%
Afryka Malawi
46%
Nie znaleziono quizów pasujących do podanych kryteriów
Rozkład punktacji
Procent ludzi z każdym wynikiem
Percentyl według liczby udzielonych odpowiedzi
Twoja historia wyników
Nie rozwiązałeś tego quizu od ostatniego zresetowania